[Event "Madrid ch Veteranos 2122"]
[Site "Madrid ESP"]
[Date "2022.04.06"]
[Round "8.26"]
[White "Camarero Izquierdo, Juan Carlos"]
[Black "Jimenez Ascarza, Jose Ignacio"]
[Result "1/2-1/2"]
[WhiteElo "1861"]
[BlackElo "1445"]
[PlyCount "125"]
[EventDate "2022.03.28"]
[EventType "swiss"]
[EventRounds "9"]
[EventCountry "ESP"]
[SourceTitle "Ajedrez en Madrid"]
[Source "lmi"]
[SourceDate "2022.03.28"]
[SourceVersion "1"]
[SourceVersionDate "2022.04.18"]
[SourceQuality "1"]

{[%evp 0,83,19,28,30,-6,5,-8,-14,-19,-15,-34,-7,-41,-15,-28,-21,-14,-2,-2,-2,
-25,-38,-38,-38,-31,0,6,14,24,7,10,17,-20,39,-31,-15,-90,-59,-65,-48,-167,-170,
-146,-123,-124,-127,-129,-61,-58,-83,-83,-92,-180,114,131,131,131,109,16,13,
-25,-26,-73,-73,-73,-76,-73,-73,-73,-67,-99,-90,-83,-82,-217,-209,-194,-226,
-222,-212,-212,-220,-236,-219,-262]} 1. d4 Nf6 2. c3 g6 3. e3 Bg7 4. Bd3 O-O 5.
Nd2 d6 6. f4 Nbd7 7. Ngf3 b6 8. O-O Bb7 9. e4 c5 10. e5 Nd5 11. Ne4 cxd4 12.
cxd4 dxe5 13. fxe5 Nb4 14. Bb1 Rc8 15. a3 Nd5 16. Qd3 a6 17. Nfg5 h6 18. Nxf7
Rxf7 19. Rxf7 Kxf7 20. Nc3 Nf8 21. Ba2 e6 22. Ne4 Kg8 23. Nd6 Rxc1+ 24. Rxc1
Qg5 25. Rc2 Nf4 26. Qg3 Bd5 27. Qxg5 hxg5 28. Bxd5 Nxd5 29. Rc8 g4 30. b4 Bh6
31. Ra8 Be3+ 32. Kf1 Bxd4 33. Rxa6 Bxe5 34. Nc4 Bd4 35. Ke2 Kg7 36. Kd3 e5 37.
Nxe5 Bxe5 38. Ke4 Nc7 39. Rxb6 Bxh2 40. a4 Nfe6 41. a5 Bg1 42. Rb7 Kf6 43. Kd3
Kf5 44. Kc4 Kf4 45. b5 Kg3 46. b6 Na6 47. Kb5 Nec5 48. Ra7 Kxg2 49. Rxa6 Nxa6
50. Kxa6 Bh2 51. Kb5 Kf1 52. a6 g3 53. a7 g2 54. a8=Q g1=Q 55. Qa1+ Ke2 56.
Qa2+ Kf3 57. Qd5+ Kf4 58. Qf7+ Kg5 59. Qe7+ Kf4 60. Qf6+ Ke3 61. Qc3+ Kf2 62.
Qc2+ Kf1 63. Qd1+ 1/2-1/2

[Event "Madrid ch Veteranos 2122"]
[Site "Madrid ESP"]
[Date "2022.04.06"]
[Round "8.28"]
[White "Lopez Del Moral Lopez de, Rafael"]
[Black "Menendez Domens, Juan Manuel"]
[Result "1-0"]
[WhiteElo "1432"]
[BlackElo "1449"]
[PlyCount "143"]
[EventDate "2022.03.28"]
[EventType "swiss"]
[EventRounds "9"]
[EventCountry "ESP"]
[SourceTitle "Ajedrez en Madrid"]
[Source "lmi"]
[SourceDate "2022.03.28"]
[SourceVersion "1"]
[SourceVersionDate "2022.04.18"]
[SourceQuality "1"]

1. d4 f5 2. Nf3 e6 3. Bf4 Nf6 4. e3 b6 5. Bd3 Bb7 6. Nbd2 c5 7. c3 cxd4 8. exd4
Be7 9. O-O O-O 10. Re1 Na6 11. Qe2 Nc7 12. Bxc7 Qxc7 13. h3 Rae8 14. Ne5 Bd6
15. f4 Nd5 16. Qf2 Rf6 17. Kh2 Ne7 18. Ndf3 Ng6 19. Nxg6 Rxg6 20. Bxf5 Bxf4+
21. Kh1 Bg3 22. Qc2 Rh6 23. Re2 Rf8 24. Be4 Rf4 25. Bxb7 Qxb7 26. Kg1 Qd5 27.
c4 Qh5 28. Re5 Qg6 29. Qxg6 Rxg6 30. Rg5 Rxg5 31. Nxg5 Rxd4 32. b3 h6 33. Nf3
Rd3 34. Kf1 Re3 35. Rd1 d6 36. Rd2 Kf7 37. Re2 Rc3 38. Rd2 Kf6 39. Ke2 Bf4 40.
Rb2 g5 41. Kd1 Rd3+ 42. Ke2 Re3+ 43. Kf2 Rc3 44. Re2 Be5 45. Nxe5 dxe5 46. Re3
Rc1 47. Re2 Kf5 48. Ke3 Rd1 49. Rf2+ Kg6 50. Re2 Rd4 51. Rd2 Rxd2 52. Kxd2 Kf5
53. Ke3 g4 54. h4 e4 55. g3 Ke5 56. b4 a6 57. c5 bxc5 58. bxc5 Kd5 59. c6 Kxc6
60. Kxe4 Kd6 61. h5 a5 62. Kf4 Kd5 63. Kxg4 Ke4 64. Kh3 Kf3 65. g4 e5 66. g5
hxg5 67. h6 g4+ 68. Kh2 e4 69. h7 e3 70. h8=Q e2 71. Qf6+ Ke3 72. Qc3+ 1-0

[Event "Madrid ch Veteranos 2122"]
[Site "Madrid ESP"]
[Date "2022.04.06"]
[Round "8.30"]
[White "Martinez Miura, Enrique"]
[Black "Martin Garcia, Francisco Javier"]
[Result "1/2-1/2"]
[WhiteElo "1601"]
[BlackElo "1412"]
[PlyCount "110"]
[EventDate "2022.03.28"]
[EventType "swiss"]
[EventRounds "9"]
[EventCountry "ESP"]
[SourceTitle "Ajedrez en Madrid"]
[Source "lmi"]
[SourceDate "2022.03.28"]
[SourceVersion "1"]
[SourceVersionDate "2022.04.18"]
[SourceQuality "1"]

1. e4 c5 2. Nf3 d6 3. d4 cxd4 4. Nxd4 Nf6 5. Nc3 a6 6. Be2 e5 7. Nb3 Be7 8. O-O
O-O 9. Be3 Be6 10. Bf3 Nbd7 11. h3 Rc8 12. Qd2 Nb6 13. Bxb6 Qxb6 14. Rfe1 Rfd8
15. Nd5 Bxd5 16. exd5 Bf8 17. Rac1 Rc4 18. Qe3 Qb4 19. Qd2 Qxd2 20. Nxd2 Rc7
21. c4 Rdc8 22. b3 g6 23. g4 Bh6 24. Rc2 Bxd2 25. Rxd2 h6 26. Bg2 Kf8 27. Kh2
Re8 28. Rde2 Rce7 29. f3 Nd7 30. Re3 g5 31. Bf1 Kg7 32. Bd3 Nf8 33. Rc1 Ng6 34.
Bxg6 Kxg6 35. c5 dxc5 36. Rxc5 f6 37. b4 Rd7 38. Re2 Red8 39. a4 Rxd5 40. Rc7
R5d7 41. Rec2 Kf7 42. Kg3 Ke7 43. b5 axb5 44. axb5 Rxc7 45. Rxc7+ Rd7 46. Rc8
Kd6 47. Rh8 Kc5 48. Rxh6 Rd6 49. h4 gxh4+ 50. Kxh4 b6 51. Kg3 Kd5 52. Kf2 Re6
53. Ke3 Rd6 54. Kf2 Kc5 55. Ke3 Kd5 1/2-1/2

[Event "Madrid ch Veteranos 2122"]
[Site "Madrid ESP"]
[Date "2022.04.07"]
[Round "9.1"]
[White "Longa Yauca, Javier"]
[Black "Lorenzo Bailador, Alfredo"]
[Result "1-0"]
[WhiteElo "2239"]
[BlackElo "1985"]
[PlyCount "93"]
[EventDate "2022.03.28"]
[EventType "swiss"]
[EventRounds "9"]
[EventCountry "ESP"]
[SourceTitle "Ajedrez en Madrid"]
[Source "lmi"]
[SourceDate "2022.03.28"]
[SourceVersion "1"]
[SourceVersionDate "2022.04.18"]
[SourceQuality "1"]

1. d4 d5 2. c4 e6 3. Nc3 Be7 4. Qc2 Nf6 5. Bg5 h6 6. Bxf6 Bxf6 7. Nf3 O-O 8.
O-O-O Nc6 9. e3 a6 10. a3 Na5 11. c5 b6 12. b4 Nc6 13. h4 bxc5 14. dxc5 Bxc3
15. Qxc3 Qf6 16. Qxf6 gxf6 17. h5 Ne5 18. Be2 Kh8 19. Nd4 Rg8 20. g3 Bd7 21.
Kd2 Ba4 22. Rc1 c6 23. Ra1 f5 24. Rhc1 Rgc8 25. Rab1 Kh7 26. f4 Nd7 27. Bd3 Kg7
28. Ke2 Nf6 29. Rg1 Rg8 30. Kf3 Kf8 31. Rb2 Ke7 32. Rh2 Kd7 33. Nxf5 exf5 34.
Bxf5+ Kc7 35. g4 Rae8 36. g5 hxg5 37. fxg5 Ne4 38. Kf4 Bb3 39. h6 Rh8 40. h7
Bc4 41. g6 fxg6 42. Rxg6 Ref8 43. Rg7+ Kb8 44. Ke5 Bd3 45. Kd4 Bb5 46. Rhg2 Nf6
47. Ke5 1-0

[Event "Madrid ch Veteranos 2122"]
[Site "Madrid ESP"]
[Date "2022.04.07"]
[Round "9.2"]
[White "Candela Perez, Jose"]
[Black "Moreno Torrero, Javier"]
[Result "1-0"]
[WhiteElo "2339"]
[BlackElo "1952"]
[PlyCount "57"]
[EventDate "2022.03.28"]
[EventType "swiss"]
[EventRounds "9"]
[EventCountry "ESP"]
[SourceTitle "Ajedrez en Madrid"]
[Source "lmi"]
[SourceDate "2022.03.28"]
[SourceVersion "1"]
[SourceVersionDate "2022.04.18"]
[SourceQuality "1"]

1. d4 d5 2. c4 e6 3. Nc3 Nf6 4. Nf3 Be7 5. Bf4 O-O 6. e3 b6 7. Rc1 c6 8. Bd3
Bb7 9. cxd5 exd5 10. Ne5 Nbd7 11. Qc2 Re8 12. O-O Nf8 13. Ne2 Rc8 14. Qa4 a6
15. Bf5 Ne6 16. Bxe6 fxe6 17. Nxc6 Rxc6 18. Rxc6 Qd7 19. Rfc1 b5 20. Qc2 Bxc6
21. Qxc6 a5 22. Qxd7 Nxd7 23. Rc7 Nf6 24. f3 Kf8 25. Be5 Rd8 26. Rc6 Nd7 27.
Nf4 Nxe5 28. dxe5 Ke8 29. Nxe6 1-0

[Event "Madrid ch Veteranos 2122"]
[Site "Madrid ESP"]
[Date "2022.04.07"]
[Round "9.3"]
[White "Barez Menendez, Hector"]
[Black "Rojas Pozo, Jose Luis"]
[Result "1/2-1/2"]
[WhiteElo "2062"]
[BlackElo "1856"]
[PlyCount "55"]
[EventDate "2022.03.28"]
[EventType "swiss"]
[EventRounds "9"]
[EventCountry "ESP"]
[SourceTitle "Ajedrez en Madrid"]
[Source "lmi"]
[SourceDate "2022.03.28"]
[SourceVersion "1"]
[SourceVersionDate "2022.04.18"]
[SourceQuality "1"]

1. Nf3 Nf6 2. d4 b6 3. e3 Bb7 4. Bd3 e6 5. O-O Be7 6. b3 O-O 7. Bb2 c5 8. c4 d5
9. Nc3 Nc6 10. Qe2 Rc8 11. Rac1 dxc4 12. bxc4 Qd6 13. Rfd1 Qb8 14. d5 exd5 15.
Nxd5 Nxd5 16. cxd5 Nb4 17. e4 Nxd3 18. Qxd3 Rfd8 19. Qc3 f6 20. g3 Bd6 21. Qe3
Re8 22. Rc2 Re7 23. Nh4 Rce8 24. f3 Bc8 25. Qf2 Be5 26. Bxe5 Qxe5 27. g4 g6 28.
Qd2 1/2-1/2

[Event "Madrid ch Veteranos 2122"]
[Site "Madrid ESP"]
[Date "2022.04.07"]
[Round "9.4"]
[White "Herrero Reques, Sergio"]
[Black "Luque Ibanes, Manuel"]
[Result "0-1"]
[WhiteElo "2029"]
[BlackElo "1966"]
[PlyCount "104"]
[EventDate "2022.03.28"]
[EventType "swiss"]
[EventRounds "9"]
[EventCountry "ESP"]
[SourceTitle "Ajedrez en Madrid"]
[Source "lmi"]
[SourceDate "2022.03.28"]
[SourceVersion "1"]
[SourceVersionDate "2022.04.18"]
[SourceQuality "1"]

1. d4 d6 2. Nf3 Nf6 3. c4 Nbd7 4. Bf4 g6 5. h3 Bg7 6. e3 O-O 7. Be2 c5 8. Nc3
Qb6 9. Qd2 Re8 10. O-O e5 11. dxe5 dxe5 12. Bg5 h6 13. Bh4 e4 14. Nh2 g5 15.
Bg3 Ne5 16. Rfd1 Bf5 17. Bxe5 Rxe5 18. Qd6 Re6 19. Qxb6 axb6 20. Rd2 Ne8 21.
Nd5 Kf8 22. Nf1 Rd6 23. Ng3 Bg6 24. Bg4 Rad8 25. Rad1 Nf6 26. Nf1 Nxd5 27. cxd5
f5 28. Be2 Bf7 29. Ng3 Rxd5 30. Rxd5 Rxd5 31. Rxd5 Bxd5 32. Nxf5 Bxb2 33. a4
Be5 34. Bd1 Bc4 35. Nxh6 Bd3 36. Ng4 Bb2 37. f4 c4 38. fxg5 c3 39. Ne5 c2 40.
Bxc2 Bxe5 41. Bb3 Bg3 42. Bd5 Kg7 43. Bxb7 Kg6 44. Bc6 Kxg5 45. Bd5 Kf5 46. Bf7
Ke5 47. Be8 Kd6 48. h4 Bxh4 49. g4 Bg5 50. Kf2 Kc5 51. Bd7 Kb4 52. Bc6 Kc3 0-1

[Event "Madrid ch Veteranos 2122"]
[Site "Madrid ESP"]
[Date "2022.04.07"]
[Round "9.5"]
[White "De Paz Nistal, Santiago"]
[Black "Pastor Alonso De Prado, Alberto"]
[Result "1-0"]
[WhiteElo "1873"]
[BlackElo "2106"]
[PlyCount "101"]
[EventDate "2022.03.28"]
[EventType "swiss"]
[EventRounds "9"]
[EventCountry "ESP"]
[SourceTitle "Ajedrez en Madrid"]
[Source "lmi"]
[SourceDate "2022.03.28"]
[SourceVersion "1"]
[SourceVersionDate "2022.04.18"]
[SourceQuality "1"]

1. e4 c6 2. d4 d5 3. Nd2 dxe4 4. Nxe4 Nf6 5. Nxf6+ exf6 6. Nf3 Bd6 7. Bd3 O-O
8. O-O Re8 9. h3 Nd7 10. Re1 Nf8 11. Rxe8 Qxe8 12. Qe2 Be6 13. Be3 Qd7 14. Qf1
Bc7 15. c4 Ng6 16. Rd1 f5 17. b3 Qd6 18. Qe1 Re8 19. Qc3 Bc8 20. c5 Qd7 21. Bc4
f4 22. Bc1 Ne7 23. Bb2 Nd5 24. Qd2 Qf5 25. Bd3 Qh5 26. Re1 Be6 27. Be2 Qh6 28.
Bc4 Rd8 29. Qe2 g5 30. Nh2 Ba5 31. Rc1 Qg7 32. a3 Bc7 33. Re1 Rd7 34. Qf3 Bd8
35. Ng4 Bc7 36. Nh2 Kf8 37. Bd3 b6 38. b4 h6 39. Qe4 bxc5 40. bxc5 Ba5 41. Rc1
Rb7 42. Rc2 Nf6 43. Qxc6 Bd5 44. Qc8+ Ne8 45. Re2 Re7 46. Ng4 Rxe2 47. Bxe2 Qg6
48. Bb5 Kg7 49. Qxe8 Qb1+ 50. Kh2 Qxb2 51. Qe5+ 1-0

[Event "Madrid ch Veteranos 2122"]
[Site "Madrid ESP"]
[Date "2022.04.07"]
[Round "9.6"]
[White "Martin Martin, Luis Vicente"]
[Black "Martin Rodriguez, Emilio"]
[Result "1/2-1/2"]
[WhiteElo "1927"]
[BlackElo "2032"]
[PlyCount "143"]
[EventDate "2022.03.28"]
[EventType "swiss"]
[EventRounds "9"]
[EventCountry "ESP"]
[SourceTitle "Ajedrez en Madrid"]
[Source "lmi"]
[SourceDate "2022.03.28"]
[SourceVersion "1"]
[SourceVersionDate "2022.04.18"]
[SourceQuality "1"]

1. d4 d5 2. Bf4 Nf6 3. e3 c5 4. c3 Nc6 5. Nd2 cxd4 6. exd4 g6 7. Ngf3 Nh5 8.
Be3 Qd6 9. Be2 Nf4 10. Bxf4 Qxf4 11. O-O Bg7 12. Re1 O-O 13. Bb5 Qd6 14. Qe2 e6
15. Bxc6 Qxc6 16. Ne5 Qc7 17. f4 a5 18. Ndf3 b6 19. Qb5 f6 20. Ng4 Bd7 21. Qb3
Qxf4 22. Ne3 Qc7 23. a4 Qc6 24. g3 Rfb8 25. c4 dxc4 26. Nxc4 Qd5 27. Qd3 Bc6
28. Rf1 e5 29. Ne3 Qe6 30. dxe5 Bxf3 31. Rxf3 Qxe5 32. Qd5+ Qxd5 33. Nxd5 f5
34. Rb3 Rb7 35. Rd1 Rab8 36. Nc3 Bxc3 37. Rxc3 b5 38. axb5 Rxb5 39. Rc7 R5b7
40. Rd8+ Rxd8 41. Rxb7 Rd4 42. b3 Rb4 43. Ra7 Rxb3 44. Rxa5 Kg7 45. Ra2 Kh6 46.
Kg2 Kg5 47. Re2 Kh5 48. Ra2 g5 49. Rf2 Rb5 50. Ra2 h6 51. h3 Rc5 52. Rb2 Re5
53. Ra2 Re6 54. Rb2 Kg6 55. Ra2 Rf6 56. Kf3 h5 57. h4 Rb6 58. hxg5 Kxg5 59. Ra3
Rb2 60. Rc3 Rh2 61. Ra3 h4 62. gxh4+ Rxh4 63. Kf2 Rb4 64. Rc3 Kg4 65. Ra3 Rb2+
66. Kf1 f4 67. Rd3 Rb1+ 68. Kf2 Rb8 69. Ra3 Rb4 70. Rc3 f3 71. Rc8 Rb2+ 72. Kf1
1/2-1/2

[Event "Madrid ch Veteranos 2122"]
[Site "Madrid ESP"]
[Date "2022.04.07"]
[Round "9.7"]
[White "Villares Galiano, Luis"]
[Black "Garcia Galeote, Lorenzo"]
[Result "1/2-1/2"]
[WhiteElo "1936"]
[BlackElo "1862"]
[PlyCount "39"]
[EventDate "2022.03.28"]
[EventType "swiss"]
[EventRounds "9"]
[EventCountry "ESP"]
[SourceTitle "Ajedrez en Madrid"]
[Source "lmi"]
[SourceDate "2022.03.28"]
[SourceVersion "1"]
[SourceVersionDate "2022.04.18"]
[SourceQuality "1"]

1. e4 b6 2. d4 Bb7 3. Bd3 Nf6 4. Qe2 Nc6 5. c3 e5 6. Nf3 Bd6 7. O-O O-O 8. Bg5
Qe8 9. d5 Ne7 10. Bxf6 gxf6 11. c4 Kh8 12. Nh4 Rg8 13. Qf3 f5 14. Nxf5 Nxf5 15.
Qxf5 Qe7 16. Kh1 Rg5 17. Qh3 Rag8 18. g3 f6 19. Nd2 Qf7 20. Be2 1/2-1/2

[Event "Madrid ch Veteranos 2122"]
[Site "Madrid ESP"]
[Date "2022.04.07"]
[Round "9.8"]
[White "Esteban Amo, Jose M."]
[Black "Alberdi Garcia, Carlos Alfonso"]
[Result "1-0"]
[WhiteElo "1874"]
[BlackElo "1681"]
[PlyCount "135"]
[EventDate "2022.03.28"]
[EventType "swiss"]
[EventRounds "9"]
[EventCountry "ESP"]
[SourceTitle "Ajedrez en Madrid"]
[Source "lmi"]
[SourceDate "2022.03.28"]
[SourceVersion "1"]
[SourceVersionDate "2022.04.18"]
[SourceQuality "1"]

1. d4 Nf6 2. Nf3 g6 3. Bg5 Bg7 4. Nbd2 c5 5. e3 Qb6 6. Nc4 Qc7 7. c3 d6 8. Be2
O-O 9. O-O b5 10. Na3 a6 11. Nc2 Bb7 12. a4 c4 13. Nd2 Nbd7 14. Bf3 d5 15. Re1
Rfe8 16. e4 dxe4 17. Nxe4 Nxe4 18. Bxe4 Bxe4 19. Rxe4 e6 20. Qf3 Nb6 21. a5 Nd5
22. Ne3 Nxe3 23. Qxe3 Qd7 24. Re1 Qc7 25. Rh4 f6 26. Bh6 Bxh6 27. Qxh6 Qg7 28.
Qxg7+ Kxg7 29. Rhe4 Kf7 30. f4 h5 31. g3 Rad8 32. Kf2 Rd5 33. Rc1 Rdd8 34. Ke2
Rc8 35. Kd2 Rc7 36. Rce1 Rcc8 37. b3 Rcd8 38. Kc2 Rc8 39. R1e3 Rcd8 40. Re2 Rc8
41. Kb1 Rcd8 42. Ka2 Rd5 43. Ka3 Rdd8 44. Kb4 Rd5 45. Rg2 Rdd8 46. g4 h4 47.
Ree2 Rd5 48. Rg1 Red8 49. g5 f5 50. Rge1 R5d6 51. Re5 Ke7 52. Rc5 Kd7 53. Rd1
Rc8 54. d5 exd5 55. Rcxd5 Rxd5 56. Rxd5+ Ke6 57. Rc5 Rd8 58. Rc6+ Kf7 59. Rxa6
Rd3 60. Ra7+ Ke6 61. Rc7 Rh3 62. a6 Rxh2 63. Rc6+ Ke7 64. Rxg6 Rh1 65. a7 Ra1
66. Rg8 h3 67. a8=Q Rxa8 68. Rxa8 1-0

[Event "Madrid ch Veteranos 2122"]
[Site "Madrid ESP"]
[Date "2022.04.07"]
[Round "9.10"]
[White "Vinas Lopez, Carlos"]
[Black "Lopez de Turiso, Jose Angel"]
[Result "1/2-1/2"]
[WhiteElo "1860"]
[BlackElo "1935"]
[PlyCount "76"]
[EventDate "2022.03.28"]
[EventType "swiss"]
[EventRounds "9"]
[EventCountry "ESP"]
[SourceTitle "Ajedrez en Madrid"]
[Source "lmi"]
[SourceDate "2022.03.28"]
[SourceVersion "1"]
[SourceVersionDate "2022.04.18"]
[SourceQuality "1"]

1. d4 Nf6 2. Bg5 Rg8 3. Nc3 d5 4. e3 h6 5. Bxf6 gxf6 6. Qf3 c6 7. h3 e5 8.
O-O-O Be6 9. e4 Nd7 10. exd5 cxd5 11. Nxd5 Qa5 12. Bc4 O-O-O 13. Ne2 exd4 14.
Nef4 Ne5 15. Qb3 Nxc4 16. Qxc4+ Kb8 17. Rxd4 Bd6 18. Nxe6 fxe6 19. Ne3 Bc5 20.
Rxd8+ Rxd8 21. Rd1 Bxe3+ 22. fxe3 Rxd1+ 23. Kxd1 Qd8+ 24. Qd4 Qf8 25. Qd7 e5
26. g4 a6 27. e4 Ka7 28. c3 Qc5 29. Qd2 Qc4 30. Qe3+ Ka8 31. Qxh6 Qxe4 32. Kd2
Qg2+ 33. Kc1 Qf1+ 34. Kc2 Qg2+ 35. Kb3 Qd5+ 36. Ka3 Qa5+ 37. Kb3 Qd5+ 38. Kc2
Qg2+ 1/2-1/2

[Event "Madrid ch Veteranos 2122"]
[Site "Madrid ESP"]
[Date "2022.04.07"]
[Round "9.11"]
[White "Perez Pascual, Arturo"]
[Black "Marcos Herrero, Francisco"]
[Result "0-1"]
[WhiteElo "1704"]
[BlackElo "1897"]
[PlyCount "84"]
[EventDate "2022.03.28"]
[EventType "swiss"]
[EventRounds "9"]
[EventCountry "ESP"]
[SourceTitle "Ajedrez en Madrid"]
[Source "lmi"]
[SourceDate "2022.03.28"]
[SourceVersion "1"]
[SourceVersionDate "2022.04.18"]
[SourceQuality "1"]

1. e4 c5 2. Nf3 Nc6 3. d4 cxd4 4. Nxd4 g6 5. Nc3 Bg7 6. Be3 Nf6 7. f3 O-O 8.
Qd2 d5 9. exd5 Nxd5 10. Nxc6 bxc6 11. O-O-O Bxc3 12. bxc3 Qa5 13. Bc4 Qa3+ 14.
Kb1 Nxc3+ 15. Ka1 Be6 16. Bb3 Nxa2 17. Bc5 Nb4+ 18. Kb1 Bxb3 19. cxb3 Qxb3+ 20.
Qb2 Qxb2+ 21. Kxb2 Nd5 22. Rhe1 Rfe8 23. Ra1 a5 24. Ra4 Ra6 25. Rea1 Rb8+ 26.
Kc2 Rb5 27. Bf2 e5 28. g4 f5 29. h3 Kf7 30. g5 Ke6 31. h4 e4 32. fxe4 Nb4+ 33.
Kd1 fxe4 34. Be1 c5 35. Ke2 Kf5 36. Bd2 Ke5 37. Bc3+ Kd5 38. Bd2 Nc6 39. Bc3
Nd4+ 40. Kd1 e3 41. Rxa5 Raxa5 42. Rxa5 Rb1# 0-1

[Event "Madrid ch Veteranos 2122"]
[Site "Madrid ESP"]
[Date "2022.04.07"]
[Round "9.12"]
[White "Vazquez Gonzalez, Jesus"]
[Black "Toledo Aguirre, Gonzalo"]
[Result "1/2-1/2"]
[WhiteElo "1853"]
[BlackElo "1879"]
[PlyCount "36"]
[EventDate "2022.03.28"]
[EventType "swiss"]
[EventRounds "9"]
[EventCountry "ESP"]
[SourceTitle "Ajedrez en Madrid"]
[Source "lmi"]
[SourceDate "2022.03.28"]
[SourceVersion "1"]
[SourceVersionDate "2022.04.18"]
[SourceQuality "1"]

1. Nf3 f5 2. d3 Nf6 3. e4 d6 4. Nc3 e5 5. exf5 Bxf5 6. Bg5 Be7 7. Nh4 Be6 8.
Be2 O-O 9. O-O Nc6 10. f4 exf4 11. Rxf4 Nd5 12. Rxf8+ Qxf8 13. Bxe7 Qxe7 14.
Nxd5 Bxd5 15. Bf3 Bxf3 16. Nxf3 Qe3+ 17. Kh1 Re8 18. Qe1 Qxe1+ 1/2-1/2

[Event "Madrid ch Veteranos 2122"]
[Site "Madrid ESP"]
[Date "2022.04.07"]
[Round "9.13"]
[White "Vukotic Jovsic, Dragan"]
[Black "Sanchez Peral, Pedro"]
[Result "1-0"]
[WhiteElo "1834"]
[BlackElo "1797"]
[PlyCount "45"]
[EventDate "2022.03.28"]
[EventType "swiss"]
[EventRounds "9"]
[EventCountry "ESP"]
[SourceTitle "Ajedrez en Madrid"]
[Source "lmi"]
[SourceDate "2022.03.28"]
[SourceVersion "1"]
[SourceVersionDate "2022.04.18"]
[SourceQuality "1"]

1. d4 Nf6 2. Bf4 d5 3. Nf3 g6 4. e3 Bg7 5. Be2 O-O 6. h3 c5 7. c3 Qb6 8. Qb3
Qxb3 9. axb3 cxd4 10. exd4 Nc6 11. Na3 a6 12. O-O Bf5 13. b4 b5 14. Rfd1 Rfe8
15. Ne5 Rec8 16. Nxc6 Rxc6 17. Nxb5 Bc2 18. Rdc1 Bb3 19. Nc7 Ra7 20. Nxa6 Re6
21. Nc5 Rxa1 22. Rxa1 Rxe2 23. Ra8+ 1-0

[Event "Madrid ch Veteranos 2122"]
[Site "Madrid ESP"]
[Date "2022.04.07"]
[Round "9.14"]
[White "Marin Lopez, Jeronimo"]
[Black "Pareja Vicente, Antonio"]
[Result "1-0"]
[WhiteElo "1901"]
[BlackElo "1604"]
[PlyCount "109"]
[EventDate "2022.03.28"]
[EventType "swiss"]
[EventRounds "9"]
[EventCountry "ESP"]
[SourceTitle "Ajedrez en Madrid"]
[Source "lmi"]
[SourceDate "2022.03.28"]
[SourceVersion "1"]
[SourceVersionDate "2022.04.18"]
[SourceQuality "1"]

1. e4 e5 2. Nf3 d6 3. Bc4 Be7 4. O-O Nf6 5. Re1 O-O 6. d3 Be6 7. Bxe6 fxe6 8.
c3 h6 9. Qb3 Qc8 10. d4 Nc6 11. dxe5 Nxe5 12. Nxe5 dxe5 13. h3 Bd6 14. Nd2 Kh8
15. Nc4 b6 16. a4 Qe8 17. Qc2 Qc6 18. b3 Nd7 19. Be3 Be7 20. Rad1 Bf6 21. f3 a6
22. Nb2 Nc5 23. b4 Nb7 24. Qb3 Rfe8 25. Re2 Nd6 26. c4 b5 27. Rc2 bxa4 28. Nxa4
Rab8 29. Nc5 Bg5 30. Bxg5 hxg5 31. Ra2 Qb6 32. Ra4 a5 33. Kh2 axb4 34. Nd7 Qc6
35. Nxb8 Rxb8 36. Rxb4 Rg8 37. Qe3 Nf7 38. c5 Kh7 39. Rb2 Qa4 40. Rbd2 Kg6 41.
Rd7 Nd6 42. R7xd6 cxd6 43. Rxd6 Qc4 44. h4 gxh4 45. f4 Re8 46. f5+ Kf6 47. c6
Qf1 48. fxe6 Rxe6 49. Rxe6+ Kxe6 50. Qh3+ Kd6 51. Qd7+ Kc5 52. Qd5+ Kb4 53.
Qxe5 g5 54. Qxg5 Qc4 55. Qe7+ 1-0

[Event "Madrid ch Veteranos 2122"]
[Site "Madrid ESP"]
[Date "2022.04.07"]
[Round "9.15"]
[White "Garcia Martin, Esteban"]
[Black "De Luna Butz, Alberto"]
[Result "0-1"]
[WhiteElo "1895"]
[BlackElo "1638"]
[PlyCount "64"]
[EventDate "2022.03.28"]
[EventType "swiss"]
[EventRounds "9"]
[EventCountry "ESP"]
[SourceTitle "Ajedrez en Madrid"]
[Source "lmi"]
[SourceDate "2022.03.28"]
[SourceVersion "1"]
[SourceVersionDate "2022.04.18"]
[SourceQuality "1"]

1. c4 b6 2. Nc3 Bb7 3. d4 e6 4. Nf3 Nf6 5. Bg5 Be7 6. e3 h6 7. Bh4 Ne4 8. Bxe7
Qxe7 9. Bd3 Nxc3 10. bxc3 c5 11. O-O Nc6 12. Re1 O-O 13. e4 e5 14. Nxe5 Nxe5
15. dxe5 Qxe5 16. Qd2 Rfe8 17. f4 Qe6 18. Re3 f5 19. e5 d5 20. Qc2 Rf8 21. Qe2
Rad8 22. a4 d4 23. cxd4 Rxd4 24. Qf1 Ba6 25. a5 Bxc4 26. axb6 axb6 27. Qf3 Rfd8
28. Bxc4 Qxc4 29. e6 Rxf4 30. Qh5 Qd4 31. Qf7+ Kh8 32. Rae1 Qxe3+ 0-1

[Event "Madrid ch Veteranos 2122"]
[Site "Madrid ESP"]
[Date "2022.04.07"]
[Round "9.19"]
[White "Cano Mercado, Francisco Manuel"]
[Black "Vazquez Gonzalez, Francisco"]
[Result "0-1"]
[WhiteElo "1715"]
[BlackElo "1851"]
[PlyCount "68"]
[EventDate "2022.03.28"]
[EventType "swiss"]
[EventRounds "9"]
[EventCountry "ESP"]
[SourceTitle "Ajedrez en Madrid"]
[Source "lmi"]
[SourceDate "2022.03.28"]
[SourceVersion "1"]
[SourceVersionDate "2022.04.18"]
[SourceQuality "1"]

1. d4 d6 2. Bf4 f5 3. e3 Nf6 4. Nd2 g6 5. Bc4 c6 6. Ngf3 Ne4 7. h4 h6 8. Bb3
Bg7 9. c3 Na6 10. Qc2 Nxd2 11. Qxd2 Nc7 12. Kf1 Be6 13. Bc2 Bd5 14. Re1 Be4 15.
Bb3 Qd7 16. Ng1 O-O-O 17. f3 Bd5 18. c4 Bf7 19. Qa5 Kb8 20. Ne2 Bf6 21. Bg3 g5
22. h5 Rhe8 23. Bf2 e5 24. dxe5 Rxe5 25. Qa4 Na6 26. Nd4 Qc7 27. Bc2 Ra5 28.
Qb3 d5 29. Bxf5 dxc4 30. Qc2 Nb4 31. Qb1 Nd3 32. Rd1 Nxf2 33. Kxf2 Re8 34. Be4
Be5 0-1

[Event "Madrid ch Veteranos 2122"]
[Site "Madrid ESP"]
[Date "2022.04.07"]
[Round "9.20"]
[White "Fernandez Garcia, Ignacio"]
[Black "Hernandez Gutierrez, Jose"]
[Result "1/2-1/2"]
[WhiteElo "1844"]
[BlackElo "1732"]
[PlyCount "78"]
[EventDate "2022.03.28"]
[EventType "swiss"]
[EventRounds "9"]
[EventCountry "ESP"]
[SourceTitle "Ajedrez en Madrid"]
[Source "lmi"]
[SourceDate "2022.03.28"]
[SourceVersion "1"]
[SourceVersionDate "2022.04.18"]
[SourceQuality "1"]

1. e4 c6 2. d4 d5 3. Bd3 dxe4 4. Bxe4 Nf6 5. Bf3 Bf5 6. Ne2 e6 7. Ng3 Bg6 8.
O-O Bd6 9. Nc3 O-O 10. Nce2 Nbd7 11. Bf4 Qc7 12. Qd2 Rad8 13. c3 b5 14. Bxd6
Qxd6 15. Qf4 Nb6 16. Qxd6 Rxd6 17. Nf4 Nc4 18. Nxg6 hxg6 19. Rfb1 Nd2 20. Re1
Nxf3+ 21. gxf3 Rfd8 22. Ne4 Rd5 23. b4 e5 24. dxe5 Nxe4 25. Rxe4 Rd3 26. c4
Rxf3 27. Kg2 Ra3 28. cxb5 cxb5 29. Re2 Rd4 30. Rb1 Ra4 31. e6 fxe6 32. Rxe6 Kf7
33. Re2 Rdxb4 34. Rbe1 Rf4 35. f3 Ra3 36. Rf2 g5 37. h3 Kf6 38. Re8 Rfa4 39.
Ree2 a6 1/2-1/2